000 00514nam a2200181Ia 4500
005 20250326142322.0
008 250326s9999 xx 000 0 und d
037 _aTextbook
040 _aFMSL
_beng
_cFMSL
041 _aeng
_2eng
084 _qFMSL
100 _aInida (govt. Of.............)
_9745920
245 0 _aReserve bank of India: Annual report 1993-94
_cInida (govt. Of.............)
260 _aNew Delhi
_bNew Delhi, RBI
_c1994
300 _a498p
942 _cTB
999 _c1294460
_d1294460